German Castles and Palaces - Map Quiz - Statistics

General Stats
  • This quiz has been taken 42 times
  • The average score is 12 of 44
Answers on the Map
Answers color-coded by a green-red scale on the quiz's map according to % correct below.
 
Answer Stats
Answer % Correct
Neuschwanstein Castle (Schloss Neuschwanstein)
70%
Nuremberg Castle (Nürnberger Burg)
52%
Charlottenburg Palace (Schloss Charlottenburg)
48%
Hohenzollern Castle (Burg Hohenzollern)
48%
Brunswick Palace (Braunschweiger Schloss)
43%
Heidelberg Castle (Heidelberger Schloss)
43%
Karlsruhe Palace (Karlsruher Schloss)
43%
Sanssouci
43%
Schwerin Castle (Schweriner Schloss)
43%
Zwinger (Dresdner Zwinger)
43%
Imperial Palace of Goslar (Kaiserpfalz Goslar)
39%
Nymphenburg Palace (Schloss Nymphenburg)
39%
Cochem Castle (Reichsburg Cochem)
30%
Eltz Castle (Burg Eltz)
30%
Ludwigsburg Palace (Residenzschloss Ludwigsburg)
30%
Rastatt Residential Palace (Schloss Rastatt)
30%
Wartburg
30%
Berum Castle (Burg Berum)
22%
Glücksburg Castle (Schloss Glücksburg)
22%
Granitz Hunting Lodge (Jagdschloss Granitz)
22%
Lichtenstein Castle (Schloss Lichtenstein)
22%
Linderhof Palace (Schloss Linderhof)
22%
Löwenburg
22%
Marienburg Castle (Schloss Marienburg)
22%
Plön Castle (Plöner Schloss)
22%
Sigmaringen Castle (Schloss Sigmaringen)
22%
Stolzenfels Castle (Schloss Stolzenfels)
22%
Altena Castle (Burg Altena)
17%
Bruchsal Palace (Schloss Bruchsal)
17%
Burghausen Castle (Burg Burghausen)
17%
Drachenburg Castle (Schloss Drachenburg)
17%
Falkenstein Castle (Burg Falkenstein)
17%
Gottorf Castle (Schloss Gottorf)
17%
Mespelbrunn Castle (Wasserschloss Mespelbrunn)
17%
Nordkirchen Castle (Schloss Nordkirchen)
17%
Rheinstein Castle (Burg Rheinstein)
17%
Schönburg
17%
Solitude Palace (Schloss Solitude)
17%
Braunfels Castle (Schloss Braunfels)
13%
Mildenstein Castle (Burg Mildenstein)
13%
Saaleck Castle (Burg Saaleck)
13%
Frankenstein Castle (Burg Frankenstein)
9%
Plattenburg
9%
Bredebeck House (Schloss Bredebeck)
4%
No matching quizzes found
Score Distribution
Percent of People with Each Score
Percentile by Number Answered
Your Score History
You have not taken this quiz